000 00271nam a2200097Ia 4500
008 180205s9999 xx 000 0 und d
100 _aTolentino, Reyes
245 _aPhilippine national dances /
260 _aQuezon City
_bKayumanggi press
_c1990
300 _aiii, 368 pages
999 _c354805
_d354805